| 000 | 00692nam a22001937a 4500 | ||
|---|---|---|---|
| 999 |
_c525761 _d525761 |
||
| 003 | NUST | ||
| 005 | 20190704071507.0 | ||
| 008 | 190704b ||||| |||| 00| 0 eng d | ||
| 038 | _aAttaullah. | ||
| 082 | _a621.3678 | ||
| 100 |
_aKhan, Shahid Nawaz _916702 |
||
| 245 |
_aOptimizing allocation Decisions in Open and Distance Learning Using Spatial Support Systems and Agent-Based Models : _bA Case Study of Allama Iqbal Open University / _cShahid Nawaz Khan. |
||
| 260 |
_aIslamabad : _bIGIS - NUST, _c2018. |
||
| 300 |
_axi, 88 p. : ill. ; _c30cm. |
||
| 500 | _aHard Cover. | ||
| 650 |
_aRemote Sensing and GIS - MS Thesis. _916703 |
||
| 700 |
_aDr. Ali Tahir. _916195 |
||
| 942 |
_2ddc _cTHE |
||